LEADER 01054nam a2200265 i 4500 001 000000157970 003 CaOOAMICUS 005 20070124000000.0 008 070124s1984 it u000 u ita u 013 $a135333 040 $aSeMil$bita 100 1 $aBarsotti, Divo,$c.$0(OLS)http://semarc/name/15111 245 10$aBattesimo di fuoco :$bdiario mistico 1966-1968 /$cDivo Barsotti. 260 $aMilano :$bRusconi,$c1984. 300 $a238 p. ;$c22 cm. 490 0 $aDimensione religiosa 500 $aFondo Card. Giovanni Colombo. 650 4$aVita spirituale - Diari e memorie.$0(OLS)http://semarc/subject/17688 830 0$aDimensione religiosa.$0(OLS)http://semarc/title/7299 850 $aSeMil 852 $aSeMil$W1$xVenegono$y1$m1O III 135$j109644$B109644$CSeMilBibl$Z2$F119258 $81 941 1 $a3 961 $aLascito: Colombo Card. Giovanni 996 $6245$aBattesimo di fuoco :$bdiario mistico 1966-1968$9(OLS)http://semarc/title/231766 996 $6260$aMilano :$bRusconi$9(OLS)http://semarc/publisher/30258 LEADER 01635nam a2200301 4500 001 000000359072 003 CaOOAMICUS 005 20240724145246.0 008 240724s2024 it 000 u ita r 020 $a979-1-259-62389-8 040 $aSeMil$bita 100 1 $aSoldini, Ida.$0(OLS)http://semarc/name/120031 245 13$aIl trascendentale del bello, causa della razionalità :$bestetica drammatica in Platone e in Hans Urs von Balthasar /$cIda Soldini ; prefazione di André-Marie Jerumanis ; invito alla lettura di Fabrizio Desideri. 264 1$aLugano :$bEupress FTL ;$aSiena :$bCantagalli,$c2024. 300 $aXIX, 388 p. ;$c24 cm 490 1 $aCollana Bathasariana ;$v7 650 4$aEstetica - Concezione [di] Platone e [di] Balthasar, Hans Urs.$0(OLS)http://semarc/subject/56010 700 1 $aJerumanis, André-Marie,$d<1956- >.$0(OLS)http://semarc/name/42509 700 1 $aDesideri, Fabrizio,$d<1953- >.$0(OLS)http://semarc/name/90506 830 0$aCollana Balthasariana ;$v7.$0(OLS)http://semarc/title/20653 850 $aSeMil 852 $aSeMil$W1$xVenegono$y1$m2P VI 308$j249589$B250124$CSeMilBibl$Z2$F250124 $81 961 $aIn omaggio per recensione su La scuola cattolica 996 $6020$a979-1-259-62389-8$9(OLS)http://semarc/number/300819 996 $6245$aIl trascendentale del bello, causa della razionalità :$bestetica drammatica in Platone e in Hans Urs von Balthasar$9(OLS)http://semarc/title/449493 996 $6264$aLugano :$bEupress FTL$9(OLS)http://semarc/publisher/56860 996 $6264$aSiena :$bCantagalli$9(OLS)http://semarc/publisher/29767